| 000 | 01407cad a22002415a 4500 | ||
|---|---|---|---|
| 001 | L160084 | ||
| 008 | 120529s2010 xxk g 000 0 eng d | ||
| 035 | _a(Sirsi) u160084 | ||
| 041 | 0 | _aeng | |
| 110 | _aFederation International Des Geometres | ||
| 111 | 2 |
_aFIG Working Week 2010 _bSydney, Australia _c11-16 April 2010 |
|
| 245 | 0 | 0 |
_aNEST - a new web based teaching tool for engineering surveying _bNottingham e-learning Surveying Tool _h[electronic resource] |
| 260 |
_aSydney _bFIG _c2010 |
||
| 520 | _aA project at the University of Nottingham developed a new generation of teaching material, based over the internet, using photos, animation, interaction and text to teach students the basic operations of specific surveying equipment. This paper details this software, including first hand experiences in implementing it with a class of 150 first year civil engineering degree students. | ||
| 650 | 2 | 4 | _aTRAINING AND EDUCATION |
| 650 | 2 | 4 | _aSURVEYING |
| 651 | 4 | _aUnited Kingdom | |
| 700 | 1 | _aRoberts, Gethin Wyn | |
| 700 | 1 | _aGray, Joshua | |
| 856 | 4 | 0 |
_uhttps://www.rics.org/Global/Downloads/NEST__A_New_Web_Based_Teaching_Tool_for_Engineering_Surveying.pdf _zView the paper free of charge at www.rics.org |
| 856 | 4 | 0 |
_uhttps://fig.net/resources/proceedings/fig_proceedings/fig2010/ppt/ts07g/ts07g_roberts_grey_ppt_4451.pdf _zView the presentation free of charge at www.fig.net |
| 942 | _n0 | ||
| 999 |
_c116201 _d116201 |
||